000 00347nam a22001337a 4500
008 250428b |||||||| |||| 00| 0 eng d
020 _a0884108376
050 _aHD9502
_b.P47
100 _aAMIT, Raphael
245 _aPerspective on Resource Policy Modelling
260 _aU.S.A
_bBollinger Publishing
_c19825
300 _axxi, 427p.
942 _cBK
999 _c3189
_d3189